000 00877nas a2200265 4500
001 BR2017003195
003 BR-BrBNA
005 20231205131144.0
007 ta
008 230509b bl.|||p| |||| 00| 00por d
040 _aBR-BrBNA
_bpor
_cBiblioteca Nacional de Agricultura
041 _a(Pt)
072 _aL01; C30
100 1 _aCavalcanti, L.F.L.
100 1 _aRibas, M.N.
100 1 _aPereira, L.G.R.
245 1 _aProcessamento de dados e suporte para tomada de decisão na pecuária leiteira de precisão
650 _aPECUARIA LEITEIRA
650 _aPROCESSAMENTO DA INFORMAÇÃO
650 _aTOMADA DE DECISÃO
650 _aAGRICULTURA DE PRECISÃO
773 0 _tCadernos Técnicos de Veterinária e Zootecnia (Brazil)
_xISSN 1676-6024
_g(Dec 2015), (no. 79) p. 84-94
_wBR2017003195
909 _a202311
_bLúcia
_c55
_dLúcia Elande
942 _2AGRIS
_n0
_cANA
999 _c253297
_d253297